Cathode-ray oscillographs / (Record no. 181183)

000 -LEADER
fixed length control field 00912 a2200193 4500
003 - CONTROL NUMBER IDENTIFIER
control field Nust
005 - DATE AND TIME OF LATEST TRANSACTION
control field 20221118092051.0
040 ## - CATALOGING SOURCE
Transcribing agency Nust
082 ## - DEWEY DECIMAL CLASSIFICATION NUMBER
Classification number 621.3747,REY
100 1# - MAIN ENTRY--PERSONAL NAME
Personal name Reyner, J.H.
9 (RLIN) 41552
245 ## - TITLE STATEMENT
Title Cathode-ray oscillographs /
Statement of responsibility, etc. J.H.Reyner
250 ## - EDITION STATEMENT
Edition statement 4th ed.
260 ## - PUBLICATION, DISTRIBUTION, ETC.
Place of publication, distribution, etc. Pitman
Name of publisher, distributor, etc. London
Date of publication, distribution, etc. 1951
300 ## - PHYSICAL DESCRIPTION
Extent 199 p.
Other physical details illus
Dimensions 20 cm
505 ## - FORMATTED CONTENTS NOTE
Formatted contents note Types of Oscillograph Tube (Page-1), The Oscillongraph Use (Page-15), Waveform Examination (Page-49), Deflection Amplifiers (Page-87), Frequency Response Curves (Page-107), Characteristic Measurements (Page-131), Frequency Comparison (Page-143), Radio Frequency Examinations (Page-150), Low Frequency Technique (Page-157), Special Time Bases (Page-166), Cathode Ray Photography (Page-178), Special Applications (Page-184), Index (Page-197).
600 ## - SUBJECT ADDED ENTRY--PERSONAL NAME
Personal name Reyner J.H.
9 (RLIN) 41552
650 ## - SUBJECT ADDED ENTRY--TOPICAL TERM
Topical term or geographic name entry element Cathode-ray oscillographs
9 (RLIN) 41553
942 ## - ADDED ENTRY ELEMENTS (KOHA)
Source of classification or shelving scheme
Koha item type Book
Holdings
Withdrawn status Lost status Source of classification or shelving scheme Damaged status Not for loan Permanent Location Current Location Shelving location Date acquired Full call number Barcode Date last seen Price effective from Koha item type Public note
          Military College of Signals (MCS) Military College of Signals (MCS) General Stacks 12/12/2016 621.3747,REY MCS6605 12/08/2016 12/12/2016 Book Almirah No.30, Shelf No.5
          Military College of Signals (MCS) Military College of Signals (MCS) General Stacks 12/12/2016 621.3747,REY MCS6947 12/08/2016 12/12/2016 Book Almirah No.30, Shelf No.5
© 2023 Central Library, National University of Sciences and Technology. All Rights Reserved.